My Animal Alphabet - Statistics

General Stats
  • This quiz has been taken 15 times
  • The average score is 12 of 26
Answer Stats
Picture Answer % Correct
Duck
93%
Frog
93%
Gecko
93%
Hummingbird
93%
Cow
87%
Toucan
87%
Zebra
87%
King Cobra
80%
Ocelot
73%
Quail
73%
Warthog
67%
Unicorn
60%
Nightingale
53%
Butterfly
47%
Fox
40%
Bird
20%
Arctic Tern
13%
Indian Pangolin
13%
Eared Pheasant
7%
Japanese crane
7%
Leafbird
7%
Murre
7%
Porbandar
7%
Red-Legged Crake
7%
Sombor
7%
Venezuelan Troupial
7%
No matching quizzes found
Score Distribution
Percent of People with Each Score
Percentile by Number Answered
Your Score History
You have not taken this quiz